000 00956nam a2200193Ia 4500
008 151119s9999||||xx |||||||||||||| ||und||
082 _a030गोखले/ज्ञानसा
082 _bGKKV15642
100 _aगोखले गो सी
245 _aज्ञानसागरांतील शिंपले भाग-२रा नवीन सुधारीत ७ वी आवृत्ती
260 _aपुणे
260 _bनितीन प्रकाशन
260 _c1962
600 _aगोखले गो सी
630 _aज्ञानसागरांतील शिंपले भाग-२रा नवीन सुधारीत ७ वी आवृत्ती
700 _aगोखले गो सी
730 _aज्ञानसागरांतील शिंपले भाग-२रा नवीन सुधारीत ७ वी आवृत्ती
942 _cBOOK
999 _c1069002
_d1068999